Mama’s Boy - Dominic Fike - All Lyrics - Statistics

General Stats
  • This quiz has been taken 76 times
  • The average score is 126 of 157
Answer Stats
Answer % Correct
boy
100%
boy,
100%
"Hahahaha"
100%
mama's
100%
Mama's
100%
a
97%
I
97%
in
94%
you
94%
You
94%
and
91%
And
91%
me
91%
my
91%
to
91%
do
88%
go?
88%
go
88%
I'm
88%
with
88%
come
84%
did
84%
like
84%
of
84%
Where
84%
your
84%
How
81%
is
81%
parents
81%
could
78%
Italy
78%
not
78%
They
78%
they
78%
doll
75%
fit
75%
heart
75%
more
75%
plans
75%
play
75%
see
75%
such
75%
Tuscany
75%
us
75%
You're
75%
Half
72%
If
72%
yours?
72%
chest
69%
just
69%
out
69%
say,
69%
I'd
66%
Izzy
66%
love
66%
much
66%
toy
66%
vacation
66%
was
66%
When
66%
wish
66%
Izzybelle
63%
made
63%
now
63%
than
63%
were
63%
what
63%
born,
59%
cry
59%
for?
59%
house
59%
laugh
59%
plastic,
59%
produced
59%
waitin'
59%
stay
56%
blood
53%
Please
53%
up
53%
M-a-m-a-b-o-y
50%
likes
47%
homes
44%
Maxi
41%
Maximilian,
16%
No matching quizzes found
Score Distribution
Percent of People with Each Score
Percentile by Number Answered
Your Score History
You have not taken this quiz